000 00500nam a2200193Ia 4500
005 20250923144628.0
008 008 250917s9999 xx 000 0 eng d
037 _aTextual
040 _aDSWL
_beng
_cDSWL
041 _aeng
_2eng
084 _qDSWL
245 0 _aGandhian concept of state
_cEd. by Biman Bihari Majumdar
260 _aCalcutta
_b2 C.Sarkar & Sons Pvt. Ltd.
_c1957
300 _axi,206p.
365 _aINR
_b7
925 _g7
942 _cTEXL
999 _c1441369
_d1441369